<?xml version="1.0" encoding="UTF-8"?>
<record
    xmlns:xsi="http://www.w3.org/2001/XMLSchema-instance"
    xsi:schemaLocation="http://www.loc.gov/MARC21/slim http://www.loc.gov/standards/marcxml/schema/MARC21slim.xsd"
    xmlns="http://www.loc.gov/MARC21/slim">

  <leader>01565nam a2200337 i 4500</leader>
  <controlfield tag="001">180902</controlfield>
  <controlfield tag="003">ES-MaACL</controlfield>
  <controlfield tag="005">20250817152142.0</controlfield>
  <controlfield tag="008">120821s2008    sp ac        |||| | spa d</controlfield>
  <datafield tag="020" ind1=" " ind2=" ">
    <subfield code="a">978-84-7812-689-7</subfield>
  </datafield>
  <datafield tag="080" ind1=" " ind2=" ">
    <subfield code="a">821.134.2-14"19"</subfield>
  </datafield>
  <datafield tag="080" ind1=" " ind2=" ">
    <subfield code="a">821.134.2 Unamuno, Miguel de 7 Cristo de Vel&#xE1;zquez.07</subfield>
  </datafield>
  <datafield tag="100" ind1="1" ind2=" ">
    <subfield code="a">Unamuno, Miguel de,</subfield>
    <subfield code="d">1864-1936</subfield>
    <subfield code="9">111982</subfield>
  </datafield>
  <datafield tag="245" ind1="1" ind2="3">
    <subfield code="a">El Cristo de Vel&#xE1;zquez / </subfield>
    <subfield code="c">Miguel de Unamuno ; ilustraciones de Santiago Serrano ; edici&#xF3;n al cuidado de Mario Hern&#xE1;ndez.</subfield>
  </datafield>
  <datafield tag="260" ind1=" " ind2=" ">
    <subfield code="a">Madrid : </subfield>
    <subfield code="b">&#xC1;rea de Gobierno de las Artes, </subfield>
    <subfield code="c">2008 (</subfield>
    <subfield code="f">Imp. Artesanal del Ayuntamiento de Madrid)</subfield>
  </datafield>
  <datafield tag="300" ind1=" " ind2=" ">
    <subfield code="a">166 p. : </subfield>
    <subfield code="b">il. ; </subfield>
    <subfield code="c">22 cm + </subfield>
    <subfield code="e">1 libro anejo (125 p.)</subfield>
  </datafield>
  <datafield tag="504" ind1=" " ind2=" ">
    <subfield code="a">Bibliograf&#xED;a: p. 117-123 (libro anejo)</subfield>
  </datafield>
  <datafield tag="505" ind1="8" ind2=" ">
    <subfield code="a">Libro anejo contiene: El Cristo de Vel&#xE1;zquez: creaci&#xF3;n y creencia / Christopher Maurer (125 p., [1] de l&#xE1;m., il.)</subfield>
  </datafield>
  <datafield tag="600" ind1="1" ind2="4">
    <subfield code="a">Unamuno, Miguel de,</subfield>
    <subfield code="d">1864-1936</subfield>
    <subfield code="9">111982</subfield>
  </datafield>
  <datafield tag="700" ind1="1" ind2=" ">
    <subfield code="a">Serrano, Santiago.</subfield>
    <subfield code="9">105717</subfield>
  </datafield>
  <datafield tag="700" ind1="1" ind2=" ">
    <subfield code="a">Hern&#xE1;ndez, Mario,</subfield>
    <subfield code="d">1945-</subfield>
    <subfield code="9">151331</subfield>
  </datafield>
  <datafield tag="700" ind1="1" ind2=" ">
    <subfield code="a">Maurer, Christopher,</subfield>
    <subfield code="d">1949-</subfield>
    <subfield code="9">79238</subfield>
  </datafield>
  <datafield tag="710" ind1="1" ind2=" ">
    <subfield code="a">Madrid. </subfield>
    <subfield code="b">&#xC1;rea de las Artes.</subfield>
    <subfield code="9">5569</subfield>
  </datafield>
  <datafield tag="710" ind1="2" ind2=" ">
    <subfield code="a">Imprenta Artesanal del Ayuntamiento de Madrid</subfield>
    <subfield code="9">151333</subfield>
  </datafield>
  <datafield tag="740" ind1="3" ind2="2">
    <subfield code="a">El Cristo de Vel&#xE1;zquez: creaci&#xF3;n y creencia.</subfield>
  </datafield>
  <datafield tag="852" ind1=" " ind2=" ">
    <subfield code="a">ES-MaACL</subfield>
    <subfield code="9">187781</subfield>
    <subfield code="b">R.145756</subfield>
    <subfield code="j">A-12182</subfield>
    <subfield code="c">DEPO1</subfield>
    <subfield code="d">Olim: N-5187</subfield>
  </datafield>
  <datafield tag="852" ind1=" " ind2=" ">
    <subfield code="a">ES-MaACL</subfield>
    <subfield code="9">200568 </subfield>
    <subfield code="b">R.145757</subfield>
    <subfield code="j">A-12183</subfield>
    <subfield code="d">Olim: N-5188</subfield>
    <subfield code="c">DEPO1</subfield>
    <subfield code="z">Dedicatoria aut&#xF3;grafa del autor </subfield>
  </datafield>
  <datafield tag="903" ind1=" " ind2=" ">
    <subfield code="a">Maurer, Christopher,</subfield>
    <subfield code="d">1949-</subfield>
    <subfield code="e">dnr</subfield>
    <subfield code="9">79238</subfield>
  </datafield>
  <datafield tag="942" ind1=" " ind2=" ">
    <subfield code="2">udc</subfield>
  </datafield>
  <datafield tag="999" ind1=" " ind2=" ">
    <subfield code="c">180902</subfield>
    <subfield code="d">180902</subfield>
  </datafield>
  <datafield tag="952" ind1=" " ind2=" ">
    <subfield code="0">0</subfield>
    <subfield code="1">0</subfield>
    <subfield code="2">udc</subfield>
    <subfield code="4">0</subfield>
    <subfield code="7">0</subfield>
    <subfield code="a">ATENEOM</subfield>
    <subfield code="b">ATENEOM</subfield>
    <subfield code="c">SPD2</subfield>
    <subfield code="d">2012-08-21</subfield>
    <subfield code="e">DONACION</subfield>
    <subfield code="l">0</subfield>
    <subfield code="o">A-12182</subfield>
    <subfield code="p">1190099</subfield>
    <subfield code="r">2023-02-23 00:00:00</subfield>
    <subfield code="w">2023-02-23</subfield>
    <subfield code="y">MONOGRAFIA</subfield>
  </datafield>
  <datafield tag="952" ind1=" " ind2=" ">
    <subfield code="0">0</subfield>
    <subfield code="1">0</subfield>
    <subfield code="2">udc</subfield>
    <subfield code="4">0</subfield>
    <subfield code="7">0</subfield>
    <subfield code="8">Librosdedicados</subfield>
    <subfield code="a">ATENEOM</subfield>
    <subfield code="b">ATENEOM</subfield>
    <subfield code="c">DEPO1</subfield>
    <subfield code="d">2023-10-02</subfield>
    <subfield code="e">DONACION</subfield>
    <subfield code="h">Libro anejo </subfield>
    <subfield code="l">0</subfield>
    <subfield code="o">A-12183</subfield>
    <subfield code="p">101205863</subfield>
    <subfield code="r">2023-10-02 00:00:00</subfield>
    <subfield code="w">2023-10-02</subfield>
    <subfield code="y">MONOGRAFIA</subfield>
    <subfield code="z">Dedicatoria aut&#xF3;grafa del autor</subfield>
  </datafield>
</record>
